Datum a čas kvízu
30
Celkem bodů
Celkový počet nahraných bodů na tomto kvízu bez doplňovacích otázek.
7.
Pořadí na kvízu
Konečné umístění týmu na tomto kvízu.
Zaznamenané odpovědi
| # | Otázka | Odpověď | Body | Výsledky |
|---|---|---|---|---|
| 1. | Poradní výbor Rady Evropy vyzv... | o slovenštinu | 0 | |
| 2. | Vydavatelství Oxford Universit... | C | 0 | |
| 3. | Kterou známou hollywoodskou he... | Julii Roberts | 1 | |
| 4. | Stovky vozidel jedné evropské... | Porsche | 0 | |
| 5. | Minulý týden se v Premier Leag... | Manchester City, Erling Haaland | 1 | |
| 6. | Jak jinak začít toto téma, než... | žlutý trpaslík | 0.5 | |
| 7. | Další otázku věnujme Zemi. Jed... | 6378 km | 1 | |
| 8. | Nyní se podíváme na planety, c... | Merkur; Venuše | 1 | |
| 9. | Na řadě je rychlost planet. Co... | B | 0 | |
| 10. | Přiřaďte názvy těchto měsíců k... | 1C 2D 3A 4B | 0 |